000 00406nam a2200133Ia 4500
008 100328s9999 xx 000 0 und d
082 _b63583
100 _aभोसले राजन.
245 _aसमग्र कामजीवन.
260 _bमनोविकास.
630 _aसमग्र कामजीवन.
730 _aसमग्र कामजीवन.
942 _cBOOK
999 _c549453
_d549450